Mountain rescue
| Main Author: | |
|---|---|
| Other Authors: | |
| Format: | Book |
| Published: |
Oxford :
Oxford University Press ,
2008
|
| Series: | Read at home
|
| Subjects: |
MARC
| LEADER | 00000cam a2200000 7i4500 | ||
|---|---|---|---|
| 001 | 0000156458 | ||
| 005 | 20111111.0 | ||
| 020 | |a 9780198387046 | ||
| 090 | 0 | 0 | |a JF |b REA |
| 100 | 1 | |a Rider, Cynthia | |
| 245 | 1 | 0 | |a Mountain rescue |c written by Cynthia Rider ; illustrated by Alex Brychta |
| 255 | |a Book 5c | ||
| 260 | |a Oxford : |b Oxford University Press , |c 2008 | ||
| 300 | |a 30p. : |b ill. ; |c 18cm. | ||
| 490 | 0 | |a Read at home | |
| 650 | 0 | 0 | |a Children's stories |
| 700 | 1 | |a Brychta, Alex | |
| 999 | |a 00253788 |b BUKU |c PINJAMAN |e PERPUSTAKAAN KOMUNITI PETALING JAYA | ||